Operational Bills in practice, Winner of the Library Prize, 1964 (Record no. 88648)
[ view plain ]
| 000 -LEADER | |
|---|---|
| fixed length control field | 00531cam a2200205 4500 |
| 001 - CONTROL NUMBER | |
| control field | D15755 |
| 008 - FIXED-LENGTH DATA ELEMENTS--GENERAL INFORMATION | |
| fixed length control field | 090401t1964 xxu||||| |||| 00| 0 eng d |
| 035 ## - SYSTEM CONTROL NUMBER | |
| System control number | (Sirsi) u24969 |
| 041 ## - LANGUAGE CODE | |
| Language code of text/sound track or separate title | eng |
| 050 ## - LIBRARY OF CONGRESS CALL NUMBER | |
| Classification number | 692.5 |
| 100 ## - MAIN ENTRY--PERSONAL NAME | |
| Personal name | Carr, G.E. |
| 245 ## - TITLE STATEMENT | |
| Title | Operational Bills in practice, Winner of the Library Prize, 1964 |
| 260 ## - PUBLICATION, DISTRIBUTION, ETC. | |
| Name of publisher, distributor, etc. | RICS unpublished |
| Date of publication, distribution, etc. | 1964 |
| 300 ## - PHYSICAL DESCRIPTION | |
| Extent | 8p |
| 350 ## - PRICE (NR) (BK AM CF MU VM SE) [OBSOLETE] | |
| Price | 0 |
| 520 ## - SUMMARY, ETC. | |
| Summary, etc. | Filed in box 1964/36 A |
| 710 ## - ADDED ENTRY--CORPORATE NAME | |
| Corporate name or jurisdiction name as entry element | Royal Institution of Chartered Surveyors |
| 9 (RLIN) | 4900 |
| 942 ## - ADDED ENTRY ELEMENTS (KOHA) | |
| Suppress in OPAC | 0 |
| 948 ## - LOCAL PROCESSING INFORMATION (OCLC); SERIES PART DESIGNATOR (RLIN) | |
| c (OCLC) | 04/03/1997 |
| Withdrawn status | Lost status | Source of classification or shelving scheme | Damaged status | Not for loan | Home library | Current library | Shelving location | Date acquired | Total Checkouts | Full call number | Barcode | Date last seen | Copy number | Price effective from | Koha item type |
|---|---|---|---|---|---|---|---|---|---|---|---|---|---|---|---|
| Other/Generic Classification Scheme | London | London | RICS Boxes | 14/09/1999 | RICS 1964/36 | 30023024 | 06/08/2019 | 1 | 06/08/2019 | Reference material |